000 00881nam a2200289 i 4500
001 5446
003 ES-MaACL
005 20250929063043.0
007 t|
008 880617s1985 fr |||| | fre d
020 _a2-7073-0028-4
080 _a7:301
080 _a301:7
100 1 _aBourdieu, Pierre,
_d1930-2002
_930964
245 1 2 _aL'amour de l'art
_b: les musees d'art europeens et leur public /
_cPierre Bourdieu et Alain Darbel, avec Dominique Schnapper.
250 _a2eme. ed. rev. et augm.
260 _aParis :
_bMinuit,
_c1985.
300 _a251 p. ;
_c22 cm.
490 1 _aLe sens commun
500 _aBibliografía. Índice.
650 4 _aMuseos de arte.
_915371
700 1 _aDarbel, Alain.
_942686
700 1 _aSchnapper, Dominique.
_9104545
830 0 _aLe sens commun
_9177400
852 _aES-MaACL
_jL-12065
999 _c5446
_d5446